| 000 | 00529nam a2200145 a 4500 | ||
|---|---|---|---|
| 001 | 000040613 | ||
| 005 | 20201002034242.0 | ||
| 008 | 130903s2007 dr a 000 0 spa d | ||
| 020 | _a9789945443066 | ||
| 040 |
_aDO-SdBNP _bspa _cBNPHU |
||
| 082 |
_axxxx _bxxx |
||
| 245 | 0 | 0 |
_aDocumentos del seminario sobre metas de inflación y mecanismos de transmisión de la política monetaria : _b16 y 17 de marzo de 2006, Santo Domingo, República Dominicana. |
| 260 |
_aSanto Domingo : _bBanco Central, _c2007. |
||
| 300 |
_a188 p. ; _c23 cm. |
||
| 999 |
_c40103 _d40103 |
||